000 00275 a2200145 4500
001 174518
020 _a
040 _cMagnum
100 _aHelo
240 1 0 _aToto o explorador
_lpor
245 1 0 _aToto o explorador
362 0 _a1899
697 _aI/CONTO
942 _cBK
999 _c174518
_d174518